MARC

LEADER 00000nam0a2200000 4500
001 93049
005 20231031105016.0
035 |a (RuTPU)RU\TPU\book\99657 
090 |a 93049 
100 |a 20060323d1967 m y0rusy50 ca 
101 0 |a rus 
102 |a RU 
105 |a a z 000zy 
200 1 |a Радиоизотопные приборы в угольной промышленности Донбасса  |f Л. С. Герчиков, Л. Я. Лившиц, Б. П. Осмачкин  |g Центральный научно-исследовательский институт экономики и научно-технической информации угольной промышленности 
210 |a Москва  |c Недра  |d 1967 
215 |a 60 с.  |c ил. 
225 1 |a Механизация и автоматизация производственных процессов 
320 |a Библиогр.: с. 58. 
610 1 |a угольная промышленность 
610 1 |a радиоизотопные приборы 
610 1 |a Донбасс 
610 1 |a монтаж 
610 1 |a наладка 
610 1 |a применение 
610 1 |a техника безопасности 
675 |a 622.6  |v 3 
700 1 |a Герчиков  |b Л. С.  |g Леонид Соломонович 
701 1 |a Лившиц  |b Л. Я.  |g Леонид Яковлевич 
701 1 |a Осмачкин  |b Б. П.  |g Борис Петрович 
712 0 2 |a Центральный научно-исследовательский институт экономики и научно-технической информации угольной промышленности  |2 stltpush  |3 (RuTPU)RU\TPU\col\8481 
801 1 |a RU  |b 63413507  |c 20060323  |g PSBO 
801 2 |a RU  |b 63413507  |c 20120924  |g PSBO 
942 |c BK